Podnikatelia chcú jasné zákony bez neprestajných zmien
Najväčšími brzdami podnikania na Slovensku sú nízka vymožiteľnosť práva, nestála legislatíva a korupcia. Snaha skvalitnenia podnikateľského prostredia a zníženie miery nezamestnanosti systémovými krokmi. Rýchle prijímanie zákonov na úkor ich kvality. Nejednotnosť v radoch podnikateľov.
Salvato in:
| Autore principale: | |
|---|---|
| Natura: | Capitolo di libro |
| Lingua: | slovacco |
| Soggetti: | |
| Tags: |
Nessun Tag, puoi essere il primo ad aggiungerne!!
|
MARC
| LEADER | 00000naa a2200000 4500 | ||
|---|---|---|---|
| 001 | r045370 | ||
| 005 | 20230921114143.9 | ||
| 041 | 0 | |a slo | |
| 044 | |a SK | ||
| 245 | 1 | 0 | |a Podnikatelia chcú jasné zákony bez neprestajných zmien |c Eva Reiselová |
| 520 | |a Najväčšími brzdami podnikania na Slovensku sú nízka vymožiteľnosť práva, nestála legislatíva a korupcia. Snaha skvalitnenia podnikateľského prostredia a zníženie miery nezamestnanosti systémovými krokmi. Rýchle prijímanie zákonov na úkor ich kvality. Nejednotnosť v radoch podnikateľov. | ||
| 610 | 2 | 0 | |a podnikanie |
| 610 | 2 | 0 | |a podnikatelia |
| 610 | 2 | 0 | |a zákony |
| 610 | 2 | 0 | |a legislatíva |
| 610 | 2 | 0 | |a korupcia |
| 610 | 2 | 0 | |a prostredie podnikateľské |
| 610 | 2 | 0 | |a nezamestnanosť |
| 610 | 2 | 0 | |a Slovensko |
| 100 | 1 | |a Reiselová, Eva | |